000 00615 a2200193 4500
999 _c4302
_d4302
005 20180922143404.0
010 _aENG-86152
020 _a8189612670
_c750.00
035 _aEN-69685
037 _bDBAD/ PUB
082 _a302.23
245 _aJournaliosm and mass media in 21st century /
_cedited by R. P. Yadav
260 _aNew Delhi
_bOmega Publications
_c2006
270 _a4398/5, Ansari Road, Daryaganj
_bNew Delhi
_e110002
_k65901906
_mgph2004@yahoo.co.in
300 _avi, 264 p.
_c22cm. (Hb.)
500 _aIncludes index
700 _aYadav, R. P.
942 _adpl
_cEN
_2ddc
_h302.23
_mJOU